Libertad y destino en psicoterapia /
محفوظ في:
| المؤلف الرئيسي: | |
|---|---|
| مؤلفون آخرون: | |
| التنسيق: | كتاب |
| اللغة: | الإسبانية |
| منشور في: |
Bilbao, España :
Desclée de Brouwer,
1988, c1988
|
| سلاسل: | (Biblioteca de Psicología Herder ;
38) |
| الموضوعات: | |
| الوسوم: |
لا توجد وسوم, كن أول من يضع وسما على هذه التسجيلة!
|
MARC
| LEADER | 00000nam^a2200000^a^4500 | ||
|---|---|---|---|
| 001 | 000161954 | ||
| 005 | 20250521000000.0 | ||
| 009 | 20260310100815.92 | ||
| 020 | |a 84-330-0740-8 | ||
| 037 | |a Acervo ITESO - Biblioteca | ||
| 041 | |a ESP | ||
| 082 | |a 616. 8914 |b MAY | ||
| 100 | |a May, Rollo |e (autor) | ||
| 240 | 1 | 1 | |a [Libertad y destino en psicoterapia] |
| 245 | 1 | 0 | |a Libertad y destino en psicoterapia / |c R. May ; tr. por L. Martínez Gómez. |
| 264 | 4 | |a Bilbao, España : |b Desclée de Brouwer, |c 1988, c1988 | |
| 300 | |a 204 p. | ||
| 336 | |a texto |b txt |2 rdacontenido | ||
| 337 | |a sin mediación |b n |2 rdamedio | ||
| 338 | |a volumen |b nc |2 rdasoporte | ||
| 440 | 1 | |a (Biblioteca de Psicología Herder ; |v 38) | |
| 500 | |a Traducción de: Freedom and Destiny | ||
| 649 | |a XX | ||
| 650 | |a Narcisismo | ||
| 650 | |a Libertad | ||
| 650 | |a Alegría | ||
| 650 | |a Emoción | ||
| 650 | |a Conflicto Psíquico | ||
| 650 | |a Sexualidad | ||
| 650 | |a Psicoterapia | ||
| 650 | |a Psicopatología | ||
| 650 | |a Psicología Clínica | ||
| 650 | |a Psicoanálisis | ||
| 650 | |a Psicología | ||
| 700 | |a Martínez Gómez, Luis |e (traducción) | ||
| 910 | |a Fondo General | ||
| 920 | |a Impresos - Libros | ||
| 930 | |a Colección General | ||
| 905 | |a 101 | ||
| 901 | |a 0500094242 |b IT1 |c ACC |u 20250521 | ||
| 902 | |a https://opac.biblio.iteso.mx/vufind/Record/000161954 | ||